Statistics for Cities Beginning With S That Have Hosted Olympic Games (Summer Or Winter0

Click here to take the quiz!

General Stats

  • This quiz has been taken 36 times
  • The average score is 7 of 10

Answer Stats

YearAnswer% Correct
2014Sochi
97%
1988Seoul
94%
2000Sydney
94%
2002Salt Lake City
85%
1912Stockholm
82%
1904St Louis
74%
1984Sarajevo
74%
1972Sapporo
59%
1928 1948St Moritz
47%
1960Squaw Valley
32%

Score Distribution

Percentile by Number Answered

Percent of People with Each Score

Your Score History

You have not taken this quiz